Statystyki dla WYRAZY, KTÓRE CZYTANE OD TYŁU BRZMIĄ TAK SAMO

Kliknij tutaj aby rozwiązać quiz!

Ogólne statystyki

  • Ten quiz został rozwiązany 236 razy
    (197 od ostatniego zresetowania)
  • Średni wynik to 3 z 14

Statystyki odpowiedzi

▼Odpowiedzi▼% Poprawnych
Kajak
81%
Oko
44%
Anna
34%
Kok
30%
Sos
22%
Potop
21%
Zakaz
21%
Zaraz
17%
Sedes
16%
Radar
14%
Ara
12%
Natan
12%
Łamał
8%
SMS
6%

Rozkład punktacji

Percentyl według liczby udzielonych odpowiedzi

Procent ludzi z każdym wynikiem

Twoja historia wyników

Nie rozwiązałeś tego quizu od ostatniego zresetowania